How to write scientific and technical papers / (Record no. 66644)
[ view plain ]
| 000 -LEADER | |
|---|---|
| fixed length control field | 00676nam a2200217 a 4500 |
| 001 - CONTROL NUMBER | |
| control field | 66644 |
| 003 - CONTROL NUMBER IDENTIFIER | |
| rucl marc code | BD-RjUL |
| 005 - DATE AND TIME OF LATEST TRANSACTION | |
| control field | 20211209081550.0 |
| 008 - FIXED-LENGTH DATA ELEMENTS--GENERAL INFORMATION | |
| fixed length control field | 170318r19681958mdua b 001 0 eng d |
| 035 ## - SYSTEM CONTROL NUMBER | |
| System control number | (BD-RjUL)66774 |
| 040 ## - CATALOGING SOURCE | |
| Original cataloging agency | DLC |
| Transcribing agency | MUB |
| Modifying agency | BD-RjUL |
| Language of cataloging | eng |
| 041 ## - LANGUAGE CODE | |
| Language code of text/sound track or separate title | eng |
| 082 ## - DEWEY DECIMAL CLASSIFICATION NUMBER | |
| Edition number | 23 |
| Classification number | 808.06 |
| Author mark and year | TRH 1968 |
| 100 1# - MAIN ENTRY--PERSONAL NAME | |
| Personal name | Trelease, Sam F. |
| 9 (RLIN) | 197306 |
| 245 10 - TITLE STATEMENT | |
| Title | How to write scientific and technical papers / |
| Statement of responsibility, etc. | Sam F. Trelease |
| 260 ## - PUBLICATION, DISTRIBUTION, ETC. (IMPRINT) | |
| Place of publication, distribution, etc. | Baltimore : |
| Name of publisher, distributor, etc. | Williams & Wilkins, |
| Date of publication, distribution, etc. | 1958 [Reprinted 1968]. |
| 300 ## - PHYSICAL DESCRIPTION | |
| Pagination | ix, 185 p. : |
| Illustrations | ill. ; |
| Size | 20 cm. |
| 504 ## - BIBLIOGRAPHY, ETC. NOTE | |
| Bibliography, etc | Include Bibliography and Index. |
| 650 ## - SUBJECT ADDED ENTRY--TOPICAL TERM | |
| Topical term or geographic name as entry element | Rhetoric of Specific Kinds of Writing. |
| 9 (RLIN) | 197307 |
| 942 ## - ADDED ENTRY ELEMENTS (KOHA) | |
| Source of classification or shelving scheme | Dewey Decimal Classification |
| Koha item type | Books |
| Lost status | Source of classification or shelving scheme | Damaged status | Not for loan | Collection code | Permanent Location | Current Location | Shelving location | Date acquired | Source of acquisition | Cost, normal purchase price | Total Checkouts | Full call number | Date last seen | Copy number | Koha item type |
|---|---|---|---|---|---|---|---|---|---|---|---|---|---|---|---|
| Dewey Decimal Classification | Not For Loan | Non-fiction | Central Library, University of Rajshahi | Central Library, University of Rajshahi | Reading Room | 09/12/2021 | zeithinger | 54.00 | 808.06 TRH 1968 | 18/03/2017 | C-1 | Books |